Print and the novel in 19th century Kerala : (Record no. 1428815)

MARC details
000 -LEADER
fixed length control field 01168nam a22003495i 4500
001 - CONTROL NUMBER
control field 24145698
005 - DATE AND TIME OF LATEST TRANSACTION
control field 20250519134901.0
008 - FIXED-LENGTH DATA ELEMENTS--GENERAL INFORMATION
fixed length control field 250408s2025 ii 000 0 eng
010 ## - LIBRARY OF CONGRESS CONTROL NUMBER
LC control number 2025349887
020 ## - INTERNATIONAL STANDARD BOOK NUMBER
International Standard Book Number 9789356406858
025 ## - OVERSEAS ACQUISITION NUMBER
Overseas acquisition number I-E-2025349887; 28-91
037 ## - SOURCE OF ACQUISITION
Terms of availability TB
040 ## - CATALOGING SOURCE
Original cataloging agency AL
Language of cataloging eng
Description conventions rda
Transcribing agency AL
041 ## - LANGUAGE CODE
Source of code eng
Language code of text/sound track or separate title eng
Language code of original maly
042 ## - AUTHENTICATION CODE
Authentication code lcode
084 ## - COLON CLASSIFICATION NUMBER
Classification number O32,3vN 111R4
Assigning agency AL
245 00 - TITLE STATEMENT
Title Print and the novel in 19th century Kerala :
Remainder of title reconsidering colonial modernity
260 ## - PUBLICATION, DISTRIBUTION, ETC.
Place of publication, distribution, etc. New Delhi, India:
Name of publisher, distributor, etc. Bloomsbury India,
Date of publication, distribution, etc. 2024.
264 #1 - PRODUCTION, PUBLICATION, DISTRIBUTION, MANUFACTURE, AND COPYRIGHT NOTICE
Date of production, publication, distribution, manufacture, or copyright notice 2024.
300 ## - PHYSICAL DESCRIPTION
Extent xi, 159p.
336 ## - CONTENT TYPE
Content type term text
Content type code txt
Source rdacontent
337 ## - MEDIA TYPE
Media type term unmediated
Media type code n
Source rdamedia
338 ## - CARRIER TYPE
Carrier type term volume
Carrier type code nc
Source rdacarrier
365 ## - TRADE PRICE
Price amount 1599.00
Currency code INR
546 ## - LANGUAGE NOTE
Language note Translated from Malayalam to English
650 ## - SUBJECT ADDED ENTRY--TOPICAL TERM
Topical term or geographic name entry element Malayalam Literature
9 (RLIN) 808925
650 ## - SUBJECT ADDED ENTRY--TOPICAL TERM
Topical term or geographic name entry element Malayalam Fiction
9 (RLIN) 808926
906 ## - LOCAL DATA ELEMENT F, LDF (RLIN)
a 7
b par
c origode
d 3
e ncip
f 20
g y-gencatlg
942 ## - ADDED ENTRY ELEMENTS (KOHA)
Source of classification or shelving scheme Colon Classification (CC)
Koha item type Textbook
Classification part O32,3vN 111R4
Suppress in OPAC No
Holdings
Withdrawn status Lost status Source of classification or shelving scheme Damaged status Not for loan Home library Current library Date acquired Source of acquisition Cost, normal purchase price Inventory number Total Checkouts Full call number Barcode Date last seen Price effective from Koha item type
    Colon Classification (CC)     Arts Library Arts Library 2025-05-19 Bright Book Service 1599.00 2413 & 2025-01-02   O32,3vN 111R4 AL1804336 2025-05-19 2025-05-19 Textbook
Copyright @ Delhi University Library System